Zodpovednostné účtovníctvo v samostatnom účtovnom okruhu centralizovanou formou

Praktický príklad zodpovednostného účtovníctva v samostatnom účtovnom okruhu centralizovanou formou, ktorá je vhodná vtedy ak výrobný podnik tvorí kompaktný celok s centrálne vedenou evidenciou.

Gespeichert in:
Bibliographische Detailangaben
1. Verfasser: Štubňová, Ľudmila
Weitere Verfasser: Neufeld, Juraj, 1946-
Format: Buchkapitel
Sprache:Slowakisch
Schlagworte:
Tags: Tag hinzufügen
Keine Tags, Fügen Sie das erste Tag hinzu!

MARC

LEADER 00000naa a2200000 4500
001 r047114
005 20231002123604.7
041 0 |a slo 
044 |a SK 
245 1 0 |a Zodpovednostné účtovníctvo v samostatnom účtovnom okruhu centralizovanou formou  |c Ľudmila Štubňová, Juraj Neufeld 
520 |a Praktický príklad zodpovednostného účtovníctva v samostatnom účtovnom okruhu centralizovanou formou, ktorá je vhodná vtedy ak výrobný podnik tvorí kompaktný celok s centrálne vedenou evidenciou. 
610 2 0 |a účtovníctvo manažérske 
610 2 0 |a účtovníctvo podvojné 
610 2 0 |a podnik 
610 2 0 |a účtovanie 
610 2 0 |a náklady 
610 2 0 |a obdobie účtovné 
100 1 |a Štubňová, Ľudmila 
700 1 |a Neufeld, Juraj, 1946-